000
00208 a2200097 4500
001
32625
100
_a
Manchester, W
245
_a
American Caesar
260
_a
London
_b
Arrow books
_c
090
_c
21839
_d
21839
942
_a
NUST-CAE
_c
M
_c
13157
999
_c
267698
_d
267698